| 000 | 01020nam a22002057a 4500 | ||
|---|---|---|---|
| 005 | 20251008143006.0 | ||
| 010 | _aHIN-130488 | ||
| 020 | _a9789387932395 | ||
| 035 | _aHN-102834 | ||
| 037 |
_bDBAD _a1 |
||
| 082 |
_a821 _2प्रथम _b1 |
||
| 100 |
_aपाण्डेय सुनीता _985436 |
||
| 245 |
_a'पथहारा' की खोज में: _cसुनीता पाण्डेय और स्वामीनाथ पाण्डेय, _hहिंदी _bसमीक्षा :पथहारा/ |
||
| 250 | _aप्रथम | ||
| 260 |
_aदिल्ली _bरचनाकार पब्लिशिंग हाउस _c2020 |
||
| 270 |
_aडी-18, गली नंबर-9,जगतपुरी विस्तार _bशाहदरा _e110093 _k9910143493 |
||
| 300 |
_a143 पृ. _c22 सेमी (सजिल्द ) |
||
| 700 |
_aपाण्डेय स्वामीनाथ _985437 |
||
| 942 |
_2ddc _cHN _h821 _mपाण्डेय |
||
| 999 |
_c213620 _d213620 |
||